000 00532nab a2200193 a 4500
001 23154
003 75612
005 20201118100307.0
008 ||||||n9999 ||| || ||
041 _aspa
245 0 _aInstituciones estatales u oficiales de educacion superior: plazo para educar su organizacion y funcionamiento
260 _aBogotá :
_bLegis,
_c1994.
300 _app. 505-506
562 _e0
650 _aEDUCACIÓN UNIVERSITARIA
650 _aRESOLUCIÓN
773 _057819
_aLegislación
942 _cSART
999 _c23154
_d23154